Logo Grab Bag Quiz Stats

 Plays Quiz Updated May 17, 2018

Score 0/30 Timer 05:00
5 Plays Today
Category Logo % Correct
Tech CompaniesGoogle
98.4%
Microsoft
94.7%
Amazon
94.1%
Food BrandsKellogg's
92.2%
Global OrganizationsRed Cross
90.9%
Sports Car BrandsFerrari
81.1%
NBA TeamsBoston Celtics
76.5%
World Wildlife Fund
73.4%
Miami Heat
71.9%
Rock BandsVan Halen
71.4%
UNICEF
70%
Uncle Ben's
68.9%
Planters
68.6%
Golden State Warriors
65%
Nestlé
63.9%
Category Logo % Correct
General Mills
63.7%
Indiana Pacers
60.8%
Utah Jazz
60.4%
Ronald McDonald House Charities
60.3%
Porsche
57.8%
Lamborghini
53.7%
Cisco
51.7%
Nirvana
51.4%
Alfa Romeo
46.9%
Maserati
42.9%
Xerox
41.9%
Red Hot Chili Peppers
40.5%
Ramones
37.7%
The Grateful Dead
37.2%
United Way
34.8%

You're not logged in!

Compare scores with friends on all Sporcle quizzes.
OR
Log In

Sporcle TV

Today on Sporcle TV


Watch our educational content, quiz creation guides, and fun videos on Sporcle TV.

Show Comments

Extras

Top Quizzes Today


Score Distribution

Your Account Isn't Verified!

In order to create a playlist on Sporcle, you need to verify the email address you used during registration. Go to your Sporcle Settings to finish the process.

Report this User

Report this user for behavior that violates our Community Guidelines.

Details: